| 000 | 00944cam a22002414a 4500 | ||
|---|---|---|---|
| 999 |
_c12634 _d12634 |
||
| 003 | OSt | ||
| 005 | 20240430200811.0 | ||
| 008 | 990226s1999 nyua bi 001 0 eng | ||
| 020 | _a9780306458910 | ||
| 082 | 0 | 0 |
_a720.87 _221 |
| 245 | 0 | 0 |
_aEnabling environments : _bmeasuring the impact of environment on disability and rehabilation / _cedited by Edward Steinfeld and G. Scott Danford. |
| 260 |
_aNew York : _bKluwer Academic/Plenum Publishers, _cc1999. |
||
| 300 |
_axvi, 418 p. : _bill. ; _c24 cm. |
||
| 440 | 0 | _aPlenum series in rehabilitation and health | |
| 504 | _aIncludes bibliographical references and index. | ||
| 650 | 0 |
_aBarrier-free design _zUnited States. |
|
| 650 | 0 |
_aDwellings _xBarrier-free design _zUnited States. |
|
| 650 | 0 |
_aPeople with disabilities _xRehabilitation _zUnited States. |
|
| 650 | 0 |
_aEnvironmental psychology _zUnited States. |
|
| 700 | 1 | _aSteinfeld, Edward. | |
| 700 | 1 | _aDanford, G. Scott. | |
| 942 | _2ddc | ||